000 00728nam a2200205Ii 4500
003 JO-AjNU
008 230605s9999||||xx |||||||||||||| ||und||
040 _aJO-AjNU
_bara
_erda
_cJO-AjNU
041 _aara
050 1 4 _aHG1607 2006
100 3 _aكامل، اسامة/ م.مشارك: عبدالغني حامد,
_eauthor
_932011
245 0 0 _aالنقود والبنوك
264 3 1 _aالبحرين: مؤسسة لورد العالمية للشئون الجامعية، 2006
300 _a250ص
336 _atext
_btxt
_2rdacontent
337 _aunmediated
_bn
_2rdamedia
338 _avolume
_bnc
_2rdacarrier
490 0 _aاكاديمية التعلم
650 4 _aالنقود - البنوك - الاقتصاد
_932012
999 _aA12873
_c16441
_d16441